La educación para el trabajo
Đã lưu trong:
| Tác giả chính: | |
|---|---|
| Định dạng: | Sách |
| Ngôn ngữ: | Tiếng Tây Ban Nha |
| Được phát hành: |
Pamplona
Eunsa
1985
|
| Loạt: | Biblioteca Nt educación, 19
|
| Những chủ đề: | |
| Các nhãn: |
Thêm thẻ
Không có thẻ, Là người đầu tiên thẻ bản ghi này!
|
MARC
| LEADER | 00000nam a2200000 a 4500 | ||
|---|---|---|---|
| 001 | UCW4881 | ||
| 003 | CL-VaPUC | ||
| 008 | 900904e19850000SP |||||||||||||||||spa|d | ||
| 082 | 0 | 4 | |a 370.113 |b OTE |2 21 |
| 100 | |a Otero, Oliveros F. |e autor |9 595801 | ||
| 245 | 1 | 3 | |a La educación para el trabajo |
| 300 | |a 170 p | ||
| 942 | |c BK | ||
| 945 | |d 19900904 00:00:00 | ||
| 260 | |a Pamplona |b Eunsa |c 1985 | ||
| 650 | 7 | |a TRABAJO ENSEÑANZA |2 CL-VaPUC |9 309692 | |
| 650 | 7 | |a EDUCACION PARA EL TRABAJO |2 CL-VaPUC |9 309693 | |
| 650 | 0 | |a Educación en el hogar |9 307975 | |
| 583 | |a last modification |c 19900904 00:00:00 |k Rodrigo Vera | ||
| 490 | 0 | |a Biblioteca Nt educación, 19 | |
| 999 | |c 218467 |d 218465 | ||
| 952 | |0 0 |1 0 |4 0 |6 370_113000000000000_OTE_1985 |7 0 |8 A |9 208094 |a BIBEDU |b BIBEDU |d 2019-11-15 |i 2759667 |o 370.113 OTE 1985 |p 2759667 |r 2019-11-15 |w 2019-11-15 |y BK |k EDU | ||